Эллинские поэты: пер. с древнегреч.; Гомеровы гимны; Работы и дни; О происхождении богов; Боевая жизнь; Преселение с Пароса; Друзья и враги;Любовь Необула и Ликамб; Гибель Архилохова зятя; Жизнеотношение; Религия; Личное; Разное; Басни; Подруги и ученицы. Соперницы; Природа; Поэзия; Жизнеотношение; Религия; Парфенеи; Из песен к Нанно
| Altri autori: | , , , |
|---|---|
| Lingua: | Lingua greca antica |
| Pubblicazione: |
Москва, Художественная литература, 1963
|
| TOC: | Гомер, Гомеровы гимны; Работы и дни; О происхождении богов; Архилох, Боевая жизнь; Преселение с Пароса; Друзья и враги;Любовь Необула и Ликамб; Гибель Архилохова зятя; Жизнеотношение; Религия; Личное; Разное; Басни; Сапфо (Сафо), Подруги и ученицы. Соперницы; Природа; Поэзия; Жизнеотношение; Религия; Алкман, Парфенеи; Мимнерм, Из песен к Нанно; |
| Serie: | Библиотека античной литературы. Греция |
| Soggetti: | |
| Natura: | Libro |
| KOHA link: | https://koha.lib.tpu.ru/cgi-bin/koha/opac-detail.pl?biblionumber=270764 |
MARC
| LEADER | 00000nam0a2200000 4500 | ||
|---|---|---|---|
| 001 | 270764 | ||
| 005 | 20231031225053.0 | ||
| 035 | |a (RuTPU)RU\TPU\book\293945 | ||
| 090 | |a 270764 | ||
| 100 | |a 20141001d1963 m y0rusy50 ca | ||
| 101 | 1 | |a grc | |
| 102 | |a RU | ||
| 105 | |a a z 001gy | ||
| 200 | 1 | |a Эллинские поэты |e пер. с древнегреч. |f под ред. С. Ошерова ; пер. В. В. Вересаева ; авт. предисл. Н. Сахарный | |
| 210 | |a Москва |c Художественная литература |d 1963 | ||
| 215 | |a 408 с. |c ил. | ||
| 225 | 1 | |a Библиотека античной литературы. Греция | |
| 320 | |a Вступительная статья: с. 5-36 | ||
| 320 | |a Комментарии: с. 353-404 | ||
| 464 | |t Гомеровы гимны |f Гомер | ||
| 464 | |t Работы и дни; О происхождении богов | ||
| 464 | |t Боевая жизнь; Преселение с Пароса; Друзья и враги;Любовь Необула и Ликамб; Гибель Архилохова зятя; Жизнеотношение; Религия; Личное; Разное; Басни |f Архилох | ||
| 464 | |t Подруги и ученицы. Соперницы; Природа; Поэзия; Жизнеотношение; Религия |f Сапфо (Сафо) | ||
| 464 | |t Парфенеи |f Алкман | ||
| 464 | |t Из песен к Нанно |f Мимнерм |a Мимнерм, 0 | ||
| 610 | 1 | |a древнегреческая литература | |
| 610 | 1 | |a Древняя Греция | |
| 610 | 1 | |a поэзия | |
| 610 | 1 | |a 6 век до н.э. | |
| 610 | 1 | |a 7 век до н.э. | |
| 610 | 1 | |a 8 век до н.э. | |
| 675 | |a 88 |v 3 | ||
| 702 | 1 | |a Ошеров |b С. |4 340 | |
| 702 | 1 | |a Вересаев |b В. В. |4 730 | |
| 702 | 1 | |a Сахарный |b Н. |4 080 | |
| 702 | 1 | |a Вересаев |b В. В. |c русский писатель |f 1867-1945 |g Викентий Викентьевич |2 stltpush |3 (RuTPU)RU\TPU\pers\37670 | |
| 801 | 1 | |a RU |b 63413507 |c 20141001 | |
| 801 | 2 | |a RU |b 63413507 |c 20161219 |g RCR | |
| 942 | |c BK | ||